Statistics for Countries by Borders in 90 Seconds

Click here to take the quiz!

General Stats

  • This quiz has been taken 1,164,003 times
  • The average score is 111 of 157

Answer Stats

Country % Correct
France
97%
Russia
97%
United States
97%
China
97%
Mexico
96%
Brazil
96%
Canada
96%
Kazakhstan
95%
Mongolia
95%
Bolivia
94%
Poland
94%
Pakistan
94%
North Korea
94%
Peru
93%
Norway
93%
Myanmar
93%
India
93%
Finland
93%
Suriname
93%
Argentina
93%
Colombia
92%
Nepal
92%
Bhutan
92%
Ukraine
92%
Spain
91%
Germany
91%
Paraguay
91%
Belarus
91%
Azerbaijan
90%
Libya
90%
Switzerland
89%
Uruguay
88%
Venezuela
88%
Sudan
88%
Lithuania
87%
Guyana
85%
Iraq
85%
United Kingdom
84%
Niger
84%
Latvia
84%
Algeria
84%
Italy
83%
Estonia
83%
Afghanistan
83%
Central African
Republic
83%
Turkey
83%
Austria
83%
Namibia
82%
Saudi Arabia
82%
South Africa
82%
South Sudan
82%
Georgia
82%
Chad
82%
Iran
81%
Zimbabwe
81%
Botswana
81%
Laos
80%
D. R. Congo
79%
Mozambique
79%
Chile
79%
Oman
78%
Mali
78%
Belgium
78%
Jordan
77%
Netherlands
77%
Morocco
77%
Egypt
77%
Cameroon
77%
Zambia
77%
Tanzania
76%
Denmark
76%
Yemen
76%
United Arab Emirates
76%
Luxembourg
75%
Ethiopia
74%
Czech Republic
74%
Rep. of the Congo
74%
Vietnam
74%
Mauritania
74%
Eswatini
74%
Uganda
74%
Lesotho
73%
Bulgaria
73%
Burkina Faso
73%
Angola
72%
Kuwait
72%
Slovenia
72%
Armenia
72%
Qatar
71%
Ireland
71%
Sweden
71%
Hungary
70%
Nigeria
70%
Portugal
69%
Kenya
69%
Turkmenistan
68%
Malaysia
68%
Bangladesh
68%
Rwanda
68%
Tajikistan
67%
Indonesia
67%
Sri Lanka
67%
Romania
66%
Somalia
66%
Greece
66%
Serbia
66%
Kyrgyzstan
66%
Burundi
65%
Andorra
64%
Guatemala
64%
Papua New Guinea
62%
Costa Rica
62%
Ivory Coast
62%
Thailand
61%
Panama
61%
Syria
61%
Guinea
61%
North Macedonia
61%
Israel
61%
Cambodia
59%
Gabon
59%
Benin
58%
Ecuador
58%
Slovakia
57%
Honduras
56%
Djibouti
56%
Senegal
55%
Croatia
55%
East Timor
54%
Vatican City
54%
San Marino
54%
Eritrea
54%
Nicaragua
54%
Montenegro
53%
Belize
52%
Tunisia
52%
Albania
50%
Ghana
49%
Bosnia and
Herzegovina
48%
El Salvador
47%
Togo
46%
Uzbekistan
45%
Moldova
45%
Kosovo
42%
Liberia
39%
Haiti
38%
Dominican Republic
38%
Sierra Leone
33%
Monaco
32%
Malawi
31%
South Korea
30%
Lebanon
29%
Guinea-Bissau
27%
Liechtenstein
22%
Gambia
21%
Equatorial Guinea
21%
Brunei
18%

Score Distribution

Percentile by Number Answered

Percent of People with Each Score

Your Score History

You have not taken this quiz